000 00755nam a22002297a 4500
003 0
005 20160609165026.0
008 090930t xxu||||| |||| 00| 0 eng d
040 _aBUAC
_cBAC
_bFR
041 _aFR
082 _a070.40 KOV
100 _aKOVACH, Bill
_9910
245 _aPrincipe du Journalisme
_b:Ce que les journalistes doivent savoir,ce que le public doit exiger
_cTrad.de l'américain par Monique Berry
260 _aNew-York
_bNouveaux Horizons
_c2004
300 _a207p.
_bCouv.en Coul.
_c24 cm
600 _aRosenstiel,Tom
_9911
650 _aDevoir du Journaliste
_9912
650 _aJournalisme :Parole au sans voix
_9913
650 _aJournalisme: un forum de discution
_9914
700 _aRosenstiel, Tom
_9944
942 _cLIVR
999 _c46225
_d46225